|
|
|
|
| LEADER |
00000nam0a2200000 4500 |
| 001 |
135458 |
| 005 |
20231031140103.0 |
| 010 |
|
|
|a 9785961405712
|
| 035 |
|
|
|a (RuTPU)RU\TPU\book\146807
|
| 090 |
|
|
|a 135458
|
| 100 |
|
|
|a 20080410d2007 km y0rusy50 ca
|
| 101 |
1 |
|
|a rus
|c eng
|
| 102 |
|
|
|a RU
|
| 105 |
|
|
|a a z 001zy
|
| 200 |
1 |
|
|a Система разработки продукции в Toyota. Люди, процессы, технология
|e пер. с англ.
|f Дж. Лайкер, Дж. Морган
|
| 210 |
|
|
|a Москва
|c Альпина Бизнес Букс
|d 2007
|
| 215 |
|
|
|a 436 с.
|c ил.
|
| 225 |
1 |
|
|a Модели менеджмента ведущих корпораций
|
| 320 |
|
|
|a Библиография: с. 421-425.
|
| 330 |
|
|
|a Производственная система Toyota (бережливое производство) — непревзойденная технология снижения издержек на производстве. Однако успех Toyota определяется не только совершенством производства, но и великолепно отлаженной системой разработки новых продуктов. Благодаря этой системе Toyota может создавать больше новых моделей и делать это быстрее, чем любая другая автомобильная компания. Книга впервые расскажет о том, как функционирует система разработки продукции на Toyota. Подробно освещаются такие методы, как система главных инженеров, параллельное проектирование на базе альтернатив, правильный старт процесса разработки, выровненный процессный поток, жесткая стандартизация конструкции, процесса и профессиональных навыков разработчиков и т.д. Книга ориентирована на руководителей и инженеров, а также студентов и преподавателей экономических и технических вузов.
|
| 610 |
1 |
|
|a экономика
|
| 610 |
1 |
|
|a Япония
|
| 610 |
1 |
|
|a предприятия
|
| 610 |
1 |
|
|a компании
|
| 610 |
1 |
|
|a управление
|
| 610 |
1 |
|
|a продукция
|
| 610 |
1 |
|
|a персонал
|
| 610 |
1 |
|
|a технологии
|
| 610 |
1 |
|
|a качество
|
| 610 |
1 |
|
|a инновации
|
| 610 |
1 |
|
|a разработка
|
| 610 |
1 |
|
|a стандартизация
|
| 610 |
1 |
|
|a поставщики
|
| 610 |
1 |
|
|a организационное обучение
|
| 610 |
1 |
|
|a организационная культура
|
| 610 |
1 |
|
|a координация
|
| 610 |
1 |
|
|a бережливая разработка
|
| 610 |
1 |
|
|a потери
|
| 610 |
1 |
|
|a ценности
|
| 610 |
1 |
|
|a Toyota
|
| 610 |
1 |
|
|a менеджмент
|
| 686 |
|
|
|a У9(5Яп)
|v LBC/SL-A
|2 rubbk
|
| 700 |
|
1 |
|a Лайкер
|b Дж.
|g Джеффри
|
| 701 |
|
1 |
|a Морган
|b Дж.
|g Джеймс
|
| 801 |
|
1 |
|a RU
|b 63413507
|c 20080410
|g PSBO
|
| 801 |
|
2 |
|a RU
|b 63413507
|c 20140421
|g PSBO
|
| 942 |
|
|
|c BK
|
| 959 |
|
|
|a 39/20080403
|d 1
|e 483,00
|f ЧЗГЛ:1
|